Holiday Quiz

Random Holiday or Easter Quiz

Reverse Alphabet: Holiday Quiz Stats

 Plays Quiz Updated Nov 11, 2017

Score 0/26 Timer 06:00
4 Plays Today
Question Answer Wrong Answers
*X*
Click the commonly-used abbreviation
for 'Christmas'
Xmas
96.5%
Xams
0.8%
Xmsa
0.3%
Xsam
0.3%
*V*
Click the holiday which is celebrated
on February 14th
Valentine's Day
95.2%
Veterans Day
1.2%
VE Day
0.3%
Violin Day
0.1%
*T*
Click the type of animal that is 'pardoned'
by the US President in honor of Thanksgiving
Turkey
94.9%
Turtle
0.8%
Tapir
0.2%
Tuatara
0.2%
*W*
Click the person whose birthday
is a US federal holiday in February
Washington
94.8%
Wilson
1.4%
Winfrey
0.5%
Woods
0.4%
*U*
Click the word missing from this Christmas song:
'I saw Mommy kissing Santa Claus ____ the mistletoe last night'
Underneath
94.7%
Upside-down
0.4%
Underwhelming
0.2%
Upon
1%
*J*
Click the missing word from the title
of the holiday song: '______ Bells'
Jingle
92.7%
Jangle
0.2%
Jungle
0.7%
Justice
0.2%
*M*
Click the US federal holiday for remembering
people who died while serving in the armed forces
Memorial Day
92.7%
Memory Day
1.1%
Montana Day
0.2%
Manhattan Day
0.3%
*P*
Click the patron saint of Ireland,
whose annual holiday is March 17th
Patrick
92.3%
Peter
1.6%
Paul
0.7%
Princeton
0.3%
*O*
Click the beer festival and funfair held annually
in Munich, Germany, and often celebrated around the world
Oktoberfest
91.8%
Ozfest
0.5%
Octoberfair
1.9%
Overdrinkingfest
0.5%
*D*
Click the word to complete the Christmas
carol title: 'Little ____ Boy'
Drummer
90.8%
Dancer
1%
Dandy
1%
Delicate
0.4%
*A*
Click the festival or feast held on
November 1st in Western Christianity
All Saints' Day
90.5%
Ask God Day
0.7%
All Skins' Day
0.7%
Ashura
0.9%
*Y*
Click the Jewish holiday known as the 'Day of Atonement'
which falls in September-October
Yom Kippur
89.6%
Yarmulke
1.7%
Yiddish Day
4.3%
Yuletide
2.9%
*I*
Click the holiday celebrated on August 11th in Chad,
September 15th in Honduras, and July 4th in the USA
Independence Day
88.3%
Indigenous Peoples' Day
3.2%
International Day
1.6%
Intervention Day
0.6%
*B*
Click the second day of Christmastide,
celebrated on December 26th
Boxing Day
88.1%
Beating Day
1%
Baiting Day
1.5%
Boxie Day
2.3%
*E*
Click the moveable Christian feast celebrating
the resurrection of Jesus from the dead
Easter
88%
Euphrates
0.4%
Eru Ilúvatar
0.3%
Epiphany
4.6%
*K*
Click the week-long celebration of African heritage,
created in 1966 by Maulana Karenga
Kwanzaa
84%
Kuiper
2.1%
Karenga
4.7%
Karthikai Deepam
3%
*Q*
Click the missing word from the second verse of 'Silent Night':
'Shepherds ____ at the sight'
Quake
80.3%
Quire
10.5%
Quack
2%
Quit
2.2%
*N*
Click the African country which celebrates Heroes' Day
as a national public holiday on August 26th
Namibia
79.5%
Norway
5.3%
Nauru
2%
Nicaragua
7.7%
*R*
Click the name for the
Jewish New Year
Rosh Hashanah
79.1%
Rabbi Day
1.7%
Reshit Katzir
3.5%
Ramadan
11.1%
*F*
Click the day celebrated on
the third Sunday in June (US)
Father's Day
78.9%
Flag Day
13.1%
Friendship Day
1.1%
French Day
0.3%
*Z*
Click the invention, developed by Gideon Sundback,
which has its own celebratory day on April 29th
Zipper
74.6%
Zester
3.6%
Zip Code
18.4%
Zoo
3.1%
*H*
Click the old Scottish name
for April Fools' Day
Huntigowk
71.7%
Hanukkah
1.9%
Holi
17.3%
Halloween
2.7%
*S*
Click the name given to
the day before Ash Wednesday
Shrove Tuesday
67.7%
Sukkot
4.4%
Saint Andrew's Day
12.6%
Sober Tuesday
11%
*C*
Click the holiday object usually made of an orange, a candle,
red ribbon or paper, and dried fruit or sweets
Christingle
62.8%
Chapeau
14.4%
Croissant
1.9%
Candy Cane
13.8%
*L*
Click the popular winter time Punjabi folk festival,
celebrated primarily by Sikhs and Hindus
Lohri
58.2%
Labor Day
3.5%
Luanda
14.2%
Loki
18.1%
*G*
Click the traditional Buddhist and Taoist festival
where the deceased are believed to visit the living
Ghost Festival
45.7%
Goa Festival
26.8%
Goat Festival
4.8%
Ghee Festival
16%

You're not logged in!

Compare scores with friends on all Sporcle quizzes.
OR
Log In

You Might Also Like...

Show Comments

Extras

Top Quizzes Today


Score Distribution

Your Account Isn't Verified!

In order to create a playlist on Sporcle, you need to verify the email address you used during registration. Go to your Sporcle Settings to finish the process.

Report this User

Report this user for behavior that violates our Community Guidelines.

Details: